000 00995nam0a22002771 4500
001 rc\2995228
005 20250806211548.0
035 _a(NLR Aleph) 007138997
090 _a70183
_c70183
100 _a20110916d1945 u y0rusy50 ca
101 0 _arus
102 _aRU
105 _aa z |||||
200 1 _aРедукторы числа оборотов авиационных двигателей
_fВ.А. Доллежаль
205 _a3-е изд., доп. и перер.
210 _aМосква
_aЛенинград
_cизд-во и тип. Оборонгиза
_d1945
_eМосква
215 _a295 с.
_cил., черт.
_d26 см
320 _aБиблиогр.: с. 288-92
700 1 _aДоллежаль
_bВ.А.
_f1898-
_gВладимир Антонович
801 0 _aRU
_bNLR
_gpsbo
801 1 _aRU
_bELAR
_2rusmarc
852 _aNLR
_jТ14 Г-7/32
942 _cBOOK
945 _aРоссийская национальная библиотека
980 _aNB
980 _aBV